000 00880nam a2200253Ia 4500
003 OSt
005 20221005112522.0
006 a|||||r|||| 00| 0
007 ta
008 221004b |||||||| |||| 00| 0 pan d
020 _a9789350174432 (hbk)
024 _a8590
037 _bGift, 24/01/2014,
_cTextual
040 _aCRL
_cCRL
_bpan
041 _2pan
_apan
082 _aO153,6(U8)x, Q1
100 _aਸਿੰਘ, ਹਰਜਿੰਦਰ
245 0 _aਸਮਕਾਲੀ ਪੰਜਾਬੀ ਸਖ਼ਰਨਾਮਾ
_b ਵਿFਲੇFਣ ਤੇ ਮੁਲਾਂਕਣ
260 _aਚੰਡੀਗੜ
_bਲੋਕਗੀਤ ਭਾਰਤ
_c2011
300 _a131ਪੰ
_ccm.
650 _aਪੰਜਾਬੀ ਸਾਹਿਤ
942 _hO153,6(U8)x, Q1
_cTEXL
_2cc
999 _c1025137
_d1025137